000 00946nam0a22002771 4500
001 rc\3808289
005 20250530061010.0
021 _aRU
_b[75-33122]
035 _a(NLR Aleph) 007264115
090 _a5338984
_c5338984
100 _a20120329d1975 |||y0rusy50 ca
101 0 _arus
102 _aRU
105 _aa z |||||
200 1 _aЖенская гимнастика в вузе
_eУчеб. метод. пособие
_fТарт. гос. ун-т. Кафедра гимнастики
210 _aТарту
_c[ТГУ]
_d1975
215 _a80 с.
_cил.
_d20
320 _aСписок лит.: с. 78-79 (20 назв.)
606 _aХудожественная гимнастика
_2psbo
606 _aФизическое воспитание в высшей школе
_2psbo
700 1 _aЯансон
_bЛ.О.
801 0 _aRU
_bNLR
_gpsbo
801 1 _aRU
_bELAR
_2rusmarc
852 _aNLR
_j75-4/6716
942 _cBOOK
980 _aNB